Almost Useless TV Trivia IV Quiz Stats

 Plays Quiz Updated Jan 11, 2016

Challenge
Share
Tweet
Embed
Score 0/22 Timer 05:00
2 Plays Today
% Correct
Sesame Street
96.1%
Baywatch
94.9%
The Dukes of Hazzard
92.7%
The Golden Girls
92.6%
Smallville
90.4%
Ugly Betty
89.1%
Charlie's Angels
88.2%
Wheel of Fortune
87.7%
Married... With Children
87.6%
Saturday Night Live
86.7%
Mighty Morphin' Power Rangers
84.3%
% Correct
True Blood
84.1%
Better Call Saul
84%
Desperate Housewives
82.7%
American Horror Story
81.9%
Arrested Development
75.9%
SpongeBob SquarePants
75.8%
Empire
75%
Even Stevens
72.4%
Dexter's Laboratory
72.3%
Frasier
66.3%
Supernatural
51.8%

You're not logged in!

Compare scores with friends on all Sporcle quizzes.
OR
Log In

You Might Also Like...

Show Comments

Extras

Top Quizzes Today


Score Distribution

Your Account Isn't Verified!

In order to create a playlist on Sporcle, you need to verify the email address you used during registration. Go to your Sporcle Settings to finish the process.

Report this User

Report this user for behavior that violates our Community Guidelines.

Details: